[Event "SR 4. liga A21 2016/2017"]
[Site "?"]
[Date "2016.10.09"]
[Round "1.5"]
[White "Sadlon, Juraj"]
[Black "Curidlo, Jan"]
[Result "0-1"]
[WhiteElo "1880"]
[BlackElo "1886"]
[PlyCount "122"]
[EventDate "2016.??.??"]

1. e4 c5 2. Nf3 d6 3. Bb5+ Nc6 4. c3 a6 5. Bxc6+ bxc6 6. d3 g6 7. O-O Bg7 8.
Nbd2 e6 9. Re1 Qc7 10. Nf1 Ne7 11. Bf4 Rb8 12. Rb1 O-O 13. Qc2 e5 14. Be3 Bg4
15. N3d2 Be6 16. b4 cxb4 17. cxb4 Qb7 18. Nc4 Rfd8 19. Rec1 Bxc4 20. Qxc4 d5
21. Qc2 d4 22. Bg5 Rbc8 23. Bxe7 Qxe7 24. Nd2 Bh6 25. Rd1 c5 26. Nc4 cxb4 27.
Qa4 Bf8 28. Rd2 Qf6 29. Qa5 Re8 30. Rdb2 Re6 31. Rb3 Qg5 32. g3 Qf6 33. Kg2 h5
34. Rf1 g5 35. f3 Be7 36. Rf2 Kh7 37. Kf1 Rcc6 38. Ke2 Qg7 39. Kf1 Rf6 40. Qxe5
Bc5 41. Na5 Rc8 42. Kg2 h4 43. Rc2 Bd6 44. Rxc8 Bxe5 45. Nc4 Re6 46. Rxb4 hxg3
47. hxg3 Qh6 48. Rb1 Qg6 49. Rc5 Bg7 50. Rf5 f6 51. Rb7 Rc6 52. Rd7 Kh6 53.
Rxd4 Qf7 54. Rdd5 Qb7 55. a4 Qb1 56. Kf2 Qc2+ 57. Ke3 Qg2 58. g4 Qg1+ 59. Kd2
Rc8 60. Rd6 Rxc4 61. dxc4 Qh2+ 0-1

[Event "SR 4. liga A21 2016/2017"]
[Site "?"]
[Date "2016.10.09"]
[Round "1.5"]
[White "Musaev, Urmat"]
[Black "Skapik, Branislav"]
[Result "0-1"]
[WhiteElo "1717"]
[BlackElo "1861"]
[PlyCount "46"]
[EventDate "2016.??.??"]

1. e4 d5 2. exd5 Nf6 3. Bb5+ Bd7 4. Bc4 b5 5. Bb3 Bg4 6. f3 Bc8 7. Nc3 a6 8.
Nge2 b4 9. Ne4 Nxd5 10. a3 e6 11. axb4 Nxb4 12. O-O Be7 13. d4 O-O 14. c4 Bb7
15. Nf4 Nd7 16. Qe1 c5 17. dxc5 Nxc5 18. Qxb4 Nxe4 19. Qxb7 Qd4+ 20. Kh1 Nf2+
21. Kg1 Nh3+ 22. Kh1 Qg1+ 23. Rxg1 Nf2# 0-1

[Event "SR 4. liga A21 2016/2017"]
[Site "?"]
[Date "2016.10.09"]
[Round "1.5"]
[White "Pericka, Pavol"]
[Black "Musaev, Matej Elbek"]
[Result "1-0"]
[WhiteElo "1795"]
[BlackElo "1713"]
[PlyCount "73"]
[EventDate "2016.??.??"]

1. e4 c5 2. Bc4 d6 3. Nc3 Nf6 4. h3 a6 5. a4 e6 6. Qe2 Nc6 7. Nf3 Be7 8. O-O
O-O 9. d3 Re8 10. e5 dxe5 11. Nxe5 Nd4 12. Qd1 Bd6 13. Nf3 Bd7 14. Bg5 h6 15.
Bxf6 Qxf6 16. Nxd4 Qxd4 17. Ne4 Bc7 18. c3 Qe5 19. f4 Qf5 20. g4 Qg6 21. Nxc5
Bb6 22. d4 Bc6 23. Bd3 f5 24. Qb3 Bxc5 25. dxc5 Bd5 26. Qc2 Rad8 27. c4 Bc6 28.
Rad1 Rd7 29. b4 Rc7 30. b5 Bd7 31. c6 bxc6 32. b6 Rb7 33. c5 Ra8 34. a5 Bc8 35.
Bc4 Kf8 36. Rd8+ Ke7 37. Rfd1 1-0

[Event "SR 4. liga A21 2016/2017"]
[Site "?"]
[Date "2016.10.09"]
[Round "1.5"]
[White "Sedlak, Rastislav"]
[Black "Mysicka, Miroslav"]
[Result "1/2-1/2"]
[WhiteElo "1673"]
[BlackElo "1670"]
[PlyCount "161"]
[EventDate "2016.??.??"]

1. e4 e5 2. Nf3 Nc6 3. Bb5 Nf6 4. O-O d6 5. Bxc6+ bxc6 6. Nc3 Bg4 7. h3 Bh5 8.
d3 Be7 9. Bg5 O-O 10. g4 Bg6 11. Nh4 Rb8 12. b3 d5 13. Nxg6 fxg6 14. f4 exf4
15. Rxf4 h6 16. Bxf6 Bxf6 17. d4 Bxd4+ 18. Qxd4 Rxf4 19. Qe5 Qf6 20. Qxf6 Rxf6
21. exd5 cxd5 22. Nxd5 Rf7 23. Re1 Kf8 24. Re6 Rd8 25. c4 Rd6 26. Re5 c6 27.
Nc3 Rd3 28. Ne2 Re7 29. Nf4 Rd1+ 30. Kg2 Rd2+ 31. Kg3 Kf7 32. Nxg6 Re6 33. Nh8+
Kf6 34. Rf5+ Ke7 35. Rf7+ Kd8 36. Rxg7 Rd7 37. Rg8+ Re8 38. Rxe8+ Kxe8 39. Ng6
Rd2 40. Ne5 c5 41. a3 Rb2 42. b4 cxb4 43. axb4 Rxb4 44. Nc6 Rxc4 45. Nxa7 Rc5
46. Kf4 Kd7 47. h4 Kc7 48. g5 hxg5+ 49. hxg5 Kd7 50. Kg4 Ke7 51. Kh5 Kf7 52.
Kh6 Kg8 53. Kg6 Kf8 54. Kf6 Ke8 55. g6 Kf8 56. g7+ Kg8 57. Kg6 Rc7 58. Nb5
Rxg7+ 59. Kf6 Rg1 60. Nd4 Re1 61. Nf5 Kh7 62. Kg5 Rf1 63. Kf6 Re1 64. Kg5 Kg8
65. Kf6 Kf8 66. Kg6 Ke8 67. Kf6 Kd7 68. Kf7 Re6 69. Ng7 Ra6 70. Nf5 Re6 71. Ng7
Ra6 72. Nf5 Re6 73. Ng7 Re1 74. Kf6 Kd6 75. Nf5+ Kd5 76. Ne7+ Kd4 77. Nf5+ Ke4
78. Nd6+ Kf4 79. Nf7 Re2 80. Nd6 Ra2 81. Ke6 1/2-1/2

[Event "SR 4. liga A21 2016/2017"]
[Site "?"]
[Date "2016.10.09"]
[Round "1.5"]
[White "Brath, Zdeno"]
[Black "Nedorost, Lubomir"]
[Result "1-0"]
[WhiteElo "1486"]
[BlackElo "1665"]
[PlyCount "74"]
[EventDate "2016.??.??"]

1. e4 c5 2. Bc4 Nc6 3. Nf3 d6 4. h3 Nf6 5. d3 g6 6. c3 Bg7 7. Be3 a6 8. Nbd2
Na5 9. e5 Nxc4 10. exf6 Bxf6 11. Nxc4 b5 12. Ncd2 O-O 13. Bh6 Re8 14. O-O b4
15. Ne4 Bh8 16. Rb1 Be6 17. c4 Ra7 18. Nfg5 Bf5 19. g4 Bc8 20. f4 Bd4+ 21. Kh2
f5 22. Ng3 fxg4 23. hxg4 Bf6 24. N3e4 Bd4 25. f5 d5 26. fxg6 Qc7+ 27. Ng3 hxg6
28. Qf3 Bf6 29. Qxd5+ e6 30. Qe4 Bxg5 31. Qxg6+ Kh8 32. Qxe8+ Kh7 33. Bxg5 Qg7
34. Qh5+ Kg8 35. Rf6 Qxf6 36. Bxf6 Rh7 37. Qxh7+ Kxh7 1-0

[Event "SR 4. liga A21 2016/2017"]
[Site "?"]
[Date "2016.10.09"]
[Round "1.6"]
[White "Danada, Ondrej"]
[Black "Lanik, Miroslav"]
[Result "1/2-1/2"]
[WhiteElo "1871"]
[BlackElo "1876"]
[PlyCount "54"]
[EventDate "2016.??.??"]

1. e4 c5 2. Nf3 d6 3. d4 cxd4 4. Nxd4 Nf6 5. Nc3 a6 6. Bg5 e6 7. f4 Nbd7 8. Qf3
Qc7 9. O-O-O b5 10. g4 Bb7 11. Bxf6 Nxf6 12. g5 b4 13. Ndb5 axb5 14. Nxb5 Qb6
15. gxf6 gxf6 16. Bc4 Rc8 17. Qe2 Qc5 18. Bd3 Be7 19. Rhg1 Kd7 20. Rg7 Rcg8 21.
Qg4 Rxg7 22. Qxg7 Rf8 23. Nd4 Qh5 24. Bb5+ Kd8 25. Bc6 Bxc6 26. Nxc6+ Kd7 27.
Nxb4 Qxh2 1/2-1/2

[Event "SR 4. liga A21 2016/2017"]
[Site "?"]
[Date "2016.10.09"]
[Round "1.6"]
[White "Huska, Branislav"]
[Black "Diviak, Rudolf"]
[Result "0-1"]
[WhiteElo "1824"]
[BlackElo "1797"]
[PlyCount "72"]
[EventDate "2016.??.??"]

1. e4 e5 2. Nf3 Nc6 3. Bb5 a6 4. Ba4 Nf6 5. O-O b5 6. Bb3 Be7 7. Re1 O-O 8. c3
d6 9. d3 Na5 10. Bc2 c5 11. Nbd2 Qc7 12. Nf1 Nc6 13. Ng3 Rd8 14. a4 b4 15. Bd2
bxc3 16. bxc3 Rb8 17. Rb1 Be6 18. Ng5 Rxb1 19. Bxb1 Bg4 20. f3 Bd7 21. Ba2 Be8
22. Qc2 Rb8 23. Rb1 h6 24. Nh3 Na5 25. Rxb8 Qxb8 26. f4 Qb6 27. Nf2 c4 28. d4
Nb3 29. Nf5 Bf8 30. Be3 exf4 31. Bxf4 Bxa4 32. Qe2 d5 33. exd5 Nxd5 34. Qxc4
Nxf4 35. Qxa4 Qe6 36. Ng3 Qe1+ 0-1

[Event "SR 4. liga A21 2016/2017"]
[Site "?"]
[Date "2016.10.09"]
[Round "1.6"]
[White "Celustkova, Lubica"]
[Black "Kubik, Peter"]
[Result "1/2-1/2"]
[WhiteElo "1693"]
[BlackElo "1832"]
[PlyCount "80"]
[EventDate "2016.??.??"]

1. e4 d5 2. exd5 Qxd5 3. Nc3 Qa5 4. d4 Nf6 5. Bc4 Bg4 6. Be2 Bf5 7. Bf3 c6 8.
Nge2 e6 9. O-O Nbd7 10. a3 Be7 11. Ng3 Bg6 12. Bf4 O-O 13. Nce4 Nxe4 14. Nxe4
Nf6 15. Qe2 Rad8 16. Rad1 Qf5 17. Nxf6+ Bxf6 18. Be5 Qxc2 19. Rd2 Qf5 20. Re1
Bxe5 21. dxe5 Rxd2 22. Qxd2 Qd3 23. Qb4 Qd7 24. Rd1 Qc7 25. Qc5 Rd8 26. Rxd8+
Qxd8 27. Qxa7 Qc8 28. Qc5 Qd7 29. Qa7 Kf8 30. Qe3 Qd3 31. Qe2 Qd4 32. Qd1 Qxd1+
33. Bxd1 Be4 34. g3 Ke7 35. Kf1 Kd7 36. Ke2 c5 37. Kd2 Kc6 38. Kc3 b5 39. b4 f6
40. f3 Bd5 1/2-1/2

[Event "SR 4. liga A21 2016/2017"]
[Site "?"]
[Date "2016.10.09"]
[Round "1.6"]
[White "Tokos, Rastislav"]
[Black "Drozd, Jan"]
[Result "1-0"]
[WhiteElo "1812"]
[BlackElo "1573"]
[PlyCount "95"]
[EventDate "2016.??.??"]

1. e4 c5 2. Nf3 Nc6 3. d4 cxd4 4. Nxd4 Nf6 5. Nc3 e5 6. Nb3 a6 7. Be3 d6 8. Be2
Be6 9. O-O Be7 10. Bf3 O-O 11. Qe2 Qc7 12. Rfd1 b5 13. Rd2 Rfd8 14. g3 Na5 15.
Rdd1 Nc4 16. Bc1 b4 17. Nb1 a5 18. N3d2 Rac8 19. c3 d5 20. exd5 Bxd5 21. Bxd5
Rxd5 22. Nf1 Rxd1 23. Qxd1 Rd8 24. Qe2 Nd5 25. b3 Ncb6 26. c4 Nf6 27. Be3 Bc5
28. Nbd2 Nfd7 29. Ne4 f6 30. Rd1 Bxe3 31. Nxe3 Nf8 32. Rd3 Rxd3 33. Qxd3 Ne6
34. Nd5 Nc5 35. Nxc5 Qxc5 36. Nxb6 Qxb6 37. Qd5+ Kf8 38. c5 Qc7 39. Kf1 Ke7 40.
Ke2 g5 41. g4 Qd7 42. Qxd7+ Kxd7 43. Kd3 Kc6 44. Kc4 e4 45. h3 h6 46. Kd4 Kb5
47. Kd5 a4 48. c6 1-0

[Event "SR 4. liga A21 2016/2017"]
[Site "?"]
[Date "2016.10.09"]
[Round "1.6"]
[White "Buran, Andrej Ml"]
[Black "Fidericky, Milan"]
[Result "1-0"]
[WhiteElo "1558"]
[BlackElo "1756"]
[PlyCount "73"]
[EventDate "2016.??.??"]

1. e4 e5 2. Nf3 Nf6 3. Nxe5 d6 4. Nf3 Nxe4 5. Be2 Be7 6. O-O O-O 7. d4 d5 8. c4
c6 9. Nc3 Nxc3 10. bxc3 dxc4 11. Bxc4 Nd7 12. Re1 Nb6 13. Bb3 Bg4 14. Qd3 Bxf3
15. Qxf3 Nd5 16. Re4 Qd7 17. Bd2 Nf6 18. Rh4 g6 19. Re1 Nd5 20. Rh6 Rae8 21.
Re4 Bd8 22. Rg4 Qe6 23. Be3 Qd7 24. Qh3 Rxe3 25. fxe3 f5 26. Rgxg6+ Kh8 27.
Bxd5 cxd5 28. Rd6 Qf7 29. Qh5 Qg8 30. Qg6 Bg5 31. Qxg8+ Kxg8 32. Rh3 f4 33.
Rxd5 h6 34. exf4 Rxf4 35. Rf3 Re4 36. Re5 Rxe5 37. dxe5 1-0

[Event "SR 4. liga A21 2016/2017"]
[Site "?"]
[Date "2016.10.23"]
[Round "2.1"]
[White "Brunovsky, Peter"]
[Black "Palka, Miroslav"]
[Result "0-1"]
[WhiteElo "1808"]
[BlackElo "1929"]
[PlyCount "102"]
[EventDate "2016.??.??"]

1. c4 c5 2. Nc3 Nc6 3. g3 g6 4. Bg2 Bg7 5. e4 e6 6. Nge2 Nge7 7. O-O a6 8. d3
Rb8 9. Bf4 e5 10. Bg5 f6 11. Be3 Nd4 12. Qd2 b5 13. b3 d6 14. f4 b4 15. Nd5
Nxe2+ 16. Qxe2 Nxd5 17. exd5 O-O 18. fxe5 fxe5 19. Rxf8+ Qxf8 20. Rf1 Qe8 21.
Qd2 Rb7 22. Bh6 Rf7 23. Rxf7 Qxf7 24. Bxg7 Kxg7 25. Qe2 Qf6 26. Bf3 Qg5 27. Kg2
h5 28. h3 h4 29. Bg4 Bxg4 30. hxg4 hxg3 31. Kxg3 Qf4+ 32. Kh3 Kf6 33. Kh4 Kg7
34. Kh3 Kh6 35. Kh4 Qc1 36. Qf3 g5+ 37. Kh3 Qf4 38. Qe2 Kg6 39. Qe4+ Kf6 40.
Qe2 e4 41. dxe4 Ke5 42. Qb2+ Kxe4 43. Qb1+ Kd4 44. Qb2+ Kd3 45. Qb1+ Kc3 46.
Qe1+ Kb2 47. Qe2+ Ka3 48. Qd1 Kxa2 49. Qc2+ Ka3 50. Qf2 Qe5 51. Qd2 Qc3+ 0-1

[Event "SR 4. liga A21 2016/2017"]
[Site "?"]
[Date "2016.10.23"]
[Round "2.1"]
[White "Huska, Branislav"]
[Black "Hrubsa, Marian"]
[Result "1-0"]
[WhiteElo "1824"]
[BlackElo "1832"]
[PlyCount "37"]
[EventDate "2016.??.??"]

1. e4 e6 2. d4 d5 3. Nd2 Nf6 4. e5 Nfd7 5. Bd3 c5 6. c3 Nc6 7. Ne2 cxd4 8. cxd4
Be7 9. O-O O-O 10. f4 f6 11. Nf3 fxe5 12. fxe5 Qb6 13. Kh1 Qd8 14. Nf4 Nb6 15.
Qc2 Rxf4 16. Bxh7+ Kh8 17. Bxf4 Nb4 18. Qg6 Bd7 19. Qh5 1-0

[Event "SR 4. liga A21 2016/2017"]
[Site "?"]
[Date "2016.10.23"]
[Round "2.1"]
[White "Kanka, Tomas"]
[Black "Fidericky, Milan"]
[Result "0-1"]
[WhiteElo "1697"]
[BlackElo "1756"]
[PlyCount "106"]
[EventDate "2016.??.??"]

1. e4 e5 2. Nf3 Nf6 3. Nc3 Nc6 4. d4 exd4 5. Nxd4 Nxd4 6. Qxd4 d6 7. Be2 Be7 8.
e5 dxe5 9. Qxe5 O-O 10. Bg5 h6 11. Rd1 Bd6 12. Bxf6 Qxf6 13. Qxf6 gxf6 14. O-O
Bf5 15. Bd3 Bg6 16. Nd5 Kg7 17. f4 f5 18. Kh1 Rfe8 19. Rf3 Re6 20. h3 Rae8 21.
Rff1 c6 22. Nc3 h5 23. Bc4 Rf6 24. a4 h4 25. Rd4 Bc5 26. Rd7 Re7 27. Rfd1 Kf8
28. Rd8+ Re8 29. R8d7 Re7 30. Rd8+ Kg7 31. Rc8 Rd6 32. Rf1 Rd2 33. Bd3 Rf2 34.
Rd8 Rxf1+ 35. Bxf1 Re1 36. Rd1 Rxd1 37. Nxd1 Bd6 38. Be2 Bxf4 39. Bf3 Kf6 40.
b4 Ke5 41. b5 cxb5 42. axb5 b6 43. Kg1 Kd4 44. Kf1 f6 45. Ke2 Bc1 46. Nf2 Bf7
47. Kd1 Bg5 48. Be2 Bc4 49. Bd3 Be3 50. Ke2 Bxf2 51. Bxc4 Kxc4 52. Kxf2 Kxb5
53. Kf3 a5 0-1

[Event "SR 4. liga A21 2016/2017"]
[Site "?"]
[Date "2016.10.23"]
[Round "2.1"]
[White "Lauko, Tomas"]
[Black "Ralbovsky, Milan"]
[Result "1-0"]
[WhiteElo "1680"]
[BlackElo "1000"]
[PlyCount "53"]
[EventDate "2016.??.??"]

1. e4 e5 2. Nf3 d6 3. Bc4 Be6 4. Bxe6 fxe6 5. d4 Nc6 6. Be3 d5 7. Nxe5 dxe4 8.
Qh5+ g6 9. Nxg6 hxg6 10. Qxh8 Nf6 11. c3 Qe7 12. Bg5 Kf7 13. Nd2 Rd8 14. Bxf6
Qxf6 15. Qxf6+ Kxf6 16. Nxe4+ Kf5 17. f3 e5 18. dxe5 Nxe5 19. O-O a5 20. a4 Bg7
21. Rad1 Rh8 22. Rd5 b6 23. Re1 c6 24. Rd6 Rc8 25. h4 Nc4 26. Ng3+ Kf4 27. Re4+
1-0

[Event "SR 4. liga A21 2016/2017"]
[Site "?"]
[Date "2016.10.23"]
[Round "2.1"]
[White "Ralbovsky, Dominik"]
[Black "Bendzela, Tibor"]
[Result "0-1"]
[WhiteElo "1000"]
[BlackElo "1657"]
[PlyCount "82"]
[EventDate "2016.??.??"]

1. e4 d5 2. exd5 Qxd5 3. Nc3 Qa5 4. Nf3 Nf6 5. d4 c6 6. Be3 Bg4 7. h3 Bh5 8.
Be2 Bxf3 9. Bxf3 e6 10. O-O Nbd7 11. a3 Bd6 12. b4 Qc7 13. g3 h5 14. h4 a6 15.
Ne2 g6 16. Qd2 Nb6 17. Bg5 Nfd5 18. Bxd5 cxd5 19. Bf6 Nc4 20. Qc3 Rg8 21. Be5
Nxe5 22. Qxc7 Bxc7 23. dxe5 Bxe5 24. c3 g5 25. hxg5 Rxg5 26. f4 Bxc3 27. fxg5
Bxa1 28. Nf4 Bd4+ 29. Kg2 O-O-O 30. Nxh5 Rh8 31. g4 Rg8 32. Rxf7 Rxg5 33. Rf4
e5 34. Rf8+ Kc7 35. Kh3 Bb2 36. a4 d4 37. b5 axb5 38. axb5 d3 39. Kg2 Rxg4+ 40.
Ng3 d2 41. Re8 Bc3 0-1

[Event "SR 4. liga A21 2016/2017"]
[Site "?"]
[Date "2016.10.23"]
[Round "2.2"]
[White "Curidlo, Jan"]
[Black "Ocko, Martin"]
[Result "1/2-1/2"]
[WhiteElo "1886"]
[BlackElo "1899"]
[PlyCount "86"]
[EventDate "2016.??.??"]

1. e4 e5 2. Nf3 Nc6 3. Bb5 a6 4. Ba4 Nf6 5. d3 d6 6. h3 b5 7. Bb3 Na5 8. Be3
Nxb3 9. axb3 g6 10. Nbd2 Bg7 11. c4 Bb7 12. O-O O-O 13. Re1 Re8 14. Nf1 c5 15.
Bg5 b4 16. Qc1 Qd7 17. N1h2 a5 18. Bxf6 Bxf6 19. Ng4 Bg7 20. Nfh2 f5 21. Nh6+
Bxh6 22. Qxh6 Qg7 23. Qd2 f4 24. f3 Bc6 25. Qc2 Ra6 26. Ra2 Rea8 27. Rea1 Qa7
28. Ng4 Kg7 29. Kh2 Qb7 30. Qd1 Be8 31. Nf2 Qc6 32. g3 fxg3+ 33. Kxg3 a4 34.
bxa4 Rxa4 35. Rxa4 Rxa4 36. Rxa4 Qxa4 37. Qxa4 Bxa4 38. f4 h5 39. h4 Kf6 40.
Kf3 Bc2 41. Ke3 Ba4 42. Kf3 Bc2 43. Ke3 Ba4 1/2-1/2

[Event "SR 4. liga A21 2016/2017"]
[Site "?"]
[Date "2016.10.23"]
[Round "2.2"]
[White "Danada, Ondrej"]
[Black "Musaev, Urmat"]
[Result "1-0"]
[WhiteElo "1871"]
[BlackElo "1717"]
[PlyCount "89"]
[EventDate "2016.??.??"]

1. e4 e5 2. Nf3 Nc6 3. d4 exd4 4. Bc4 Bc5 5. O-O Nge7 6. Ng5 Ne5 7. Nxf7 Nxf7
8. Bxf7+ Kxf7 9. Qh5+ Ng6 10. Qd5+ Ke8 11. Qxc5 d6 12. Qxd4 Qe7 13. Nc3 c6 14.
Be3 Kf7 15. Rad1 Rd8 16. f4 Bg4 17. Rd2 Kg8 18. h3 Bc8 19. f5 Ne5 20. Bf4 Rd7
21. Bxe5 dxe5 22. Qc4+ Kh8 23. Rfd1 Rxd2 24. Rxd2 Bd7 25. Qd3 Be8 26. Qd6 Qxd6
27. Rxd6 Kg8 28. Nd1 a5 29. Ne3 Bf7 30. a3 g6 31. g4 g5 32. Rd7 b5 33. Re7 b4
34. Rxe5 bxa3 35. bxa3 a4 36. Rc5 Rb8 37. Rxc6 Rb1+ 38. Kf2 Ra1 39. Rc3 Rh1 40.
Kg2 Re1 41. e5 Kf8 42. e6 Be8 43. f6 Bg6 44. Rc8+ Be8 45. Kf2 1-0

[Event "SR 4. liga A21 2016/2017"]
[Site "?"]
[Date "2016.10.23"]
[Round "2.2"]
[White "Musaev, Matej Elbek"]
[Black "Diviak, Rudolf"]
[Result "1/2-1/2"]
[WhiteElo "1713"]
[BlackElo "1797"]
[PlyCount "86"]
[EventDate "2016.??.??"]

1. e4 e5 2. Nf3 Nc6 3. Bc4 Nf6 4. d3 Be7 5. c3 d6 6. O-O a6 7. Bb3 O-O 8. Re1
Na5 9. Bc2 c5 10. Nbd2 b5 11. a3 Nc6 12. Nf1 Re8 13. Ng5 Bg4 14. Nf3 Qc7 15. h3
Bd7 16. Ng3 a5 17. Ng5 h6 18. Nf3 b4 19. Be3 bxc3 20. bxc3 Rab8 21. Qd2 Bf8 22.
Nh4 Rb2 23. Nhf5 Kh7 24. f4 Reb8 25. fxe5 Nxe5 26. Reb1 Ba4 27. Rc1 c4 28. Qd1
Bxc2 29. Rxc2 Nxd3 30. Rxb2 Rxb2 31. Bd4 Qd8 32. Rb1 Rxb1 33. Qxb1 g6 34. Ne3
Ne5 35. Bxe5 dxe5 36. Nxc4 Bc5+ 37. Kh2 Bf2 38. Qc2 Bxg3+ 39. Kxg3 Nh5+ 40. Kh2
Qh4 41. Qd3 Qf4+ 42. Kg1 Ng3 43. Nd2 g5 1/2-1/2

[Event "SR 4. liga A21 2016/2017"]
[Site "?"]
[Date "2016.10.23"]
[Round "2.2"]
[White "Trojkova, Michaela"]
[Black "Sedlak, Rastislav"]
[Result "0-1"]
[WhiteElo "1703"]
[BlackElo "1673"]
[PlyCount "69"]
[EventDate "2016.??.??"]

1. e4 e5 2. Nf3 Nc6 3. Bc4 Nf6 4. Ng5 d5 5. exd5 Na5 6. Bb5+ c6 7. dxc6 bxc6 8.
Be2 h6 9. Nf3 e4 10. Ne5 Bd6 11. d4 exd3 12. Nxd3 O-O 13. Be3 Ba6 14. O-O Qc7
15. h3 Nc4 16. Bd4 Be7 17. b3 Nb6 18. Bb2 Rfd8 19. Qc1 c5 20. Be5 Qc8 21. Bf3
Bxd3 22. cxd3 Nbd5 23. Nc3 Qf5 24. Nxd5 Nxd5 25. Qb2 f6 26. Bg4 Qxe5 27. Qc2
Bd6 28. f4 Qd4+ 29. Kh1 Ne3 30. Be6+ Kh8 31. Qd2 Nxf1 32. Rxf1 Bc7 33. Bf5 Re8
34. Be4 Rxe4 35. dxe4 0-1

[Event "SR 4. liga A21 2016/2017"]
[Site "?"]
[Date "2016.10.23"]
[Round "2.2"]
[White "Nedorost, Lubomir"]
[Black "Ulehla, Jakub"]
[Result "1-0"]
[WhiteElo "1665"]
[BlackElo "1650"]
[PlyCount "63"]
[EventDate "2016.??.??"]

1. e4 c5 2. Nc3 Nc6 3. Bc4 g6 4. f4 Bg7 5. Nf3 d6 6. O-O Nf6 7. a3 O-O 8. d3 a6
9. Nh4 b5 10. Ba2 Bg4 11. Qd2 Bd7 12. f5 e6 13. fxg6 hxg6 14. Qf4 Nh5 15. Qg4
e5 16. Qxg6 Nf4 17. Bxf4 exf4 18. Rxf4 c4 19. Qh5 Ne5 20. Nf5 Bxf5 21. exf5 d5
22. Rh4 f6 23. d4 Nc6 24. Qh7+ Kf7 25. Re1 Ne7 26. Rg4 Rg8 27. Ne2 Qd7 28. Ng3
a5 29. c3 b4 30. Bb1 bxc3 31. bxc3 Rab8 32. Nh5 1-0

[Event "SR 4. liga A21 2016/2017"]
[Site "?"]
[Date "2016.10.23"]
[Round "2.3"]
[White "Slaby, Jozef"]
[Black "Sadlon, Juraj"]
[Result "1-0"]
[WhiteElo "1732"]
[BlackElo "1880"]
[PlyCount "97"]
[EventDate "2016.??.??"]

1. Nf3 Nf6 2. c4 c6 3. Nc3 d6 4. d4 Bg4 5. Qb3 Qc7 6. h3 Bxf3 7. gxf3 g6 8. f4
Bg7 9. Bg2 Nbd7 10. Bd2 Qb6 11. e3 a6 12. Na4 Qxb3 13. axb3 e5 14. fxe5 dxe5
15. O-O-O exd4 16. exd4 O-O 17. Nc3 Rac8 18. Kb1 Rfe8 19. Rhe1 Rxe1 20. Rxe1
Re8 21. Re3 Rxe3 22. fxe3 Bh6 23. Kc2 Kf8 24. b4 Nb6 25. Kd3 Ke7 26. Be1 Kd7
27. Bg3 Nc8 28. b5 axb5 29. cxb5 Nd6 30. bxc6+ bxc6 31. e4 Nh5 32. Ne2 Nxg3 33.
Nxg3 Bg7 34. b3 h5 35. e5 h4 36. Ne4 Nxe4 37. Bxe4 c5 38. dxc5 Bxe5 39. b4 f5
40. Bf3 g5 41. Kc4 Bf4 42. b5 Kc7 43. Kd5 Be3 44. b6+ Kd7 45. Kc4 Bf4 46. Kb5
Be3 47. Bh5 f4 48. c6+ Kd6 49. c7 1-0

[Event "SR 4. liga A21 2016/2017"]
[Site "?"]
[Date "2016.10.23"]
[Round "2.3"]
[White "Skapik, Branislav"]
[Black "Slaba, Andrea"]
[Result "1/2-1/2"]
[WhiteElo "1861"]
[BlackElo "1759"]
[PlyCount "103"]
[EventDate "2016.??.??"]

1. c4 d6 2. Nc3 Nf6 3. g3 g6 4. Bg2 Bg7 5. Nf3 O-O 6. O-O e5 7. d3 Nc6 8. Bg5
h6 9. Bd2 Nd7 10. Rb1 f5 11. Qc1 Kh7 12. e4 Nc5 13. Ne1 Nb4 14. Nd5 Nbxd3 15.
Nxd3 Nxd3 16. Qc2 Nc5 17. f3 c6 18. Nc3 Be6 19. b4 Na6 20. Qd3 Qe7 21. Rfc1
Rad8 22. Qe2 Qf7 23. Na4 Nc7 24. Be3 b5 25. cxb5 cxb5 26. Nb2 a6 27. Bb6 Rd7
28. Rc6 Na8 29. a4 Nxb6 30. Rxb6 bxa4 31. Rxa6 Bb3 32. Qd2 d5 33. Qe3 d4 34.
Qd2 Rc8 35. Nxa4 Bxa4 36. Rxa4 Rdc7 37. Ra2 d3 38. Ra3 fxe4 39. fxe4 Rc2 40.
Qe3 d2 41. Rf1 Qc4 42. Rd3 Qxb4 43. Rd1 Ra8 44. R3xd2 Raa2 45. Rxc2 Rxc2 46.
Rf1 Rc3 47. Qe2 Qd4+ 48. Qf2 Re3 49. Kh1 Qd3 50. Kg1 Re2 51. Qf3 Qd4+ 52. Kh1
1/2-1/2

[Event "SR 4. liga A21 2016/2017"]
[Site "?"]
[Date "2016.10.23"]
[Round "2.3"]
[White "Vagovic, Milan"]
[Black "Pericka, Pavol"]
[Result "0-1"]
[WhiteElo "1679"]
[BlackElo "1795"]
[PlyCount "90"]
[EventDate "2016.??.??"]

1. d4 d5 2. c4 c6 3. Nc3 dxc4 4. a4 e5 5. Nf3 exd4 6. Qxd4 Qxd4 7. Nxd4 Bc5 8.
e3 Bxd4 9. exd4 Be6 10. Ne4 b6 11. Nd6+ Ke7 12. Nxc4 Nf6 13. Be3 Na6 14. Ne5
Nb4 15. Rc1 Rac8 16. Bd2 Nfd5 17. Bc4 Rhe8 18. O-O Kf8 19. f4 f6 20. Nd3 a5 21.
Nf2 Bf5 22. g4 Bd7 23. f5 Ne3 24. Rfe1 Nxc4 25. Rxe8+ Rxe8 26. Rxc4 Nd5 27. Rc2
Ne3 28. Rc1 g6 29. fxg6 hxg6 30. h3 g5 31. b4 Nd5 32. bxa5 Re2 33. Be1 bxa5 34.
Bxa5 Ra2 35. Rb1 Rxa4 36. Bb6 Nxb6 37. Rxb6 Rxd4 38. Rb1 c5 39. Rd1 Rxd1+ 40.
Nxd1 Bc6 41. Kf2 Ke7 42. Kg3 Kd6 43. h4 gxh4+ 44. Kxh4 Ke5 45. Ne3 Kf4 0-1

[Event "SR 4. liga A21 2016/2017"]
[Site "?"]
[Date "2016.10.23"]
[Round "2.3"]
[White "Brath, Zdeno"]
[Black "Pripko, Bystrik"]
[Result "1/2-1/2"]
[WhiteElo "1486"]
[BlackElo "1652"]
[PlyCount "96"]
[EventDate "2016.??.??"]

1. e4 e5 2. Bc4 Bb4 3. c3 Ba5 4. Nf3 d6 5. h3 Nf6 6. d3 h6 7. Be3 O-O 8. O-O
Bb6 9. Bd2 Nc6 10. Qe2 Re8 11. Bb3 Ne7 12. d4 exd4 13. e5 dxe5 14. Nxe5 Be6 15.
Bxe6 fxe6 16. Na3 dxc3 17. Bxc3 Nf5 18. Nc2 Ng3 19. Qf3 Nxf1 20. Rxf1 Qd5 21.
Qg3 Ne4 22. Qg6 Rf8 23. Nb4 Rf6 24. Nxd5 Rxg6 25. Ne7+ Kh7 26. N7xg6 Rd8 27.
Nf4 Nxc3 28. bxc3 g5 29. Nfd3 c5 30. g4 Kg7 31. Kg2 Kf6 32. f4 gxf4 33. Rxf4+
Ke7 34. Ng6+ Kd7 35. Nde5+ Kc7 36. Nc4 Rd3 37. Nxb6 Kxb6 38. Rf6 Rxc3 39. Rxe6+
Kb5 40. Nf4 b6 41. Rxh6 Rc2+ 42. Kf3 Rxa2 43. g5 c4 44. Nd5 Kc5 45. Nf4 c3 46.
g6 c2 47. g7 Ra3+ 48. Ke2 c1=Q 1/2-1/2

[Event "SR 4. liga A21 2016/2017"]
[Site "?"]
[Date "2016.10.23"]
[Round "2.3"]
[White "Kuracina, Lubomir"]
[Black "Svarc, Vaclav"]
[Result "1-0"]
[WhiteElo "1000"]
[BlackElo "1188"]
[PlyCount "50"]
[EventDate "2016.??.??"]

1. e4 e5 2. Nf3 Nc6 3. Bb5 Nf6 4. Bxc6 bxc6 5. O-O d5 6. Nxe5 Qe7 7. Nxc6 Qd6
8. exd5 Qxd5 9. Nb4 Bxb4 10. Re1+ Be6 11. c3 Bd6 12. d4 O-O 13. Be3 Rab8 14. b4
Qc6 15. Nd2 Ng4 16. h3 Nxe3 17. fxe3 Bd5 18. e4 Be6 19. d5 Qb6+ 20. Kh1 Bd7 21.
c4 Qf2 22. Nf3 c5 23. e5 Bc7 24. d6 Bb6 25. Qb3 Ba5 {
partia sa neda zrekonstruovat} 1-0

[Event "SR 4. liga A21 2016/2017"]
[Site "?"]
[Date "2016.10.23"]
[Round "2.4"]
[White "Blatnicky, Miroslav"]
[Black "Lajda, Dusan"]
[Result "1-0"]
[WhiteElo "2107"]
[BlackElo "1782"]
[PlyCount "49"]
[EventDate "2016.??.??"]

1. e4 c5 2. Nf3 Nc6 3. d4 cxd4 4. Nxd4 d6 5. Nc3 Nf6 6. Bc4 e6 7. Bb3 a6 8. Be3
Bd7 9. f3 Na5 10. Qd2 Rc8 11. g4 e5 12. Nde2 Nxb3 13. axb3 Be6 14. h4 Be7 15.
O-O-O Qa5 16. Kb1 O-O 17. Ng3 Qd8 18. h5 b5 19. g5 Nd7 20. Nf5 Rc6 21. Nd5 Bxf5
22. exf5 Re8 23. g6 Nf6 24. Nxf6+ Bxf6 25. gxf7+ 1-0

[Event "SR 4. liga A21 2016/2017"]
[Site "?"]
[Date "2016.10.23"]
[Round "2.4"]
[White "Orvisky, Vladimir"]
[Black "Podjavorinsky, Michal"]
[Result "0-1"]
[WhiteElo "1768"]
[BlackElo "1886"]
[PlyCount "70"]
[EventDate "2016.??.??"]

1. c4 g6 2. Nc3 Bg7 3. d4 Nf6 4. e4 d6 5. Nf3 O-O 6. Be2 e5 7. d5 Ne8 8. Bg5 f6
9. Bd2 f5 10. Ng5 h6 11. Ne6 Bxe6 12. dxe6 Qf6 13. Qc1 Kh7 14. O-O Qxe6 15. f4
fxe4 16. Nxe4 Nc6 17. fxe5 Rxf1+ 18. Bxf1 Nxe5 19. Qc2 Ng4 20. Re1 Qf5 21. Bd3
Bd4+ 22. Kh1 Qf7 23. h3 Ngf6 24. Rf1 Qg7 25. b3 c6 26. Nxf6+ Nxf6 27. Bc3 Nh5
28. Bxg6+ Qxg6 29. Rf7+ Bg7 30. Qf2 Rg8 31. Kg1 Kh8 32. Bxg7+ Rxg7 33. Rf8+ Kh7
34. Rf3 Ng3 35. Rf4 Qb1+ 0-1